| 000 | 00499nam a2200157Ia 4500 | ||
|---|---|---|---|
| 008 | 151213s9999 xx 000 0 und d | ||
| 082 |
_a658.15224 _b658.15224 |
||
| 100 | _aHodiak, D.L. & Ryan,J,S. | ||
| 245 |
_aHidden assets _bRevolutionize your development program with a voluneer drive approach _cHodiak, D.L. & Ryan,J,S. |
||
| 260 |
_aSan Francisco _bJossey Bass _c2001 |
||
| 300 | _a1789 p. | ||
| 650 | _aFinance | ||
| 650 | _aFund raising | ||
| 700 | _aHodiak, D.L. & Ryan,J,S. | ||
| 999 |
_c1315 _d1315 |
||